Visualizing data (Record no. 10900)

000 -LEADER
fixed length control field 00413 a2200121 4500
020 ## - INTERNATIONAL STANDARD BOOK NUMBER
International Standard Book Number 0963488406
090 ## - LOCALLY ASSIGNED LC-TYPE CALL NUMBER (OCLC); LOCAL CALL NUMBER (RLIN)
-- 7095
-- 7095
245 10 - TITLE STATEMENT
Title Visualizing data
Statement of responsibility, etc. / William S. Cleveland.
260 0# - PUBLICATION, DISTRIBUTION, ETC.
Place of publication, distribution, etc. Murray Hill, N.J.
Name of publisher, distributor, etc. : At&T Bell Laboratories
Place of publication, distribution, etc. ; [Summit, N.J.
Name of publisher, distributor, etc. : Published by Hobart Press
Date of publication, distribution, etc. , c1993]
300 ## - PHYSICAL DESCRIPTION
Extent 360 p.
Other physical details : ill.
Dimensions ; 26 cm.
650 #0 - SUBJECT ADDED ENTRY--TOPICAL TERM
Topical term or geographic name entry element Mathematical statistics
General subdivision Graphic methods.
942 ## - ADDED ENTRY ELEMENTS (KOHA)
Koha item type Book
Call number prefix 001.4224 CLE
Holdings
Withdrawn status Lost status Source of classification or shelving scheme Damaged status Not for loan Collection code Permanent Location Current Location Shelving location Date acquired Source of acquisition Cost, normal purchase price Full call number Barcode Date last seen Price effective from Koha item type
          Computer Science Central Library (CL) Central Library (CL) First Floor - Computer Science 04/20/2012 Global~Link Information Services 4275.29 005 CLE SEECS011254 11/14/2012 01/05/2017 Book
© 2023 Central Library, National University of Sciences and Technology. All Rights Reserved.